| 000 -LEADER |
| fixed length control field |
01021cam a2200217 a 4500 |
| 020 ## - INTERNATIONAL STANDARD BOOK NUMBER |
| ISBN |
9711041391 |
| 040 ## - CATALOGING SOURCE |
| Transcribing agency |
CtY |
| 082 ## - DEWEY DECIMAL CLASSIFICATION NUMBER |
| Classification number |
631 THE 1985 A040 Or. |
| 245 00 - TITLE STATEMENT |
| Title |
Wetland soils, characterization, classification, and utilization : |
| Remainder of title |
proceedings of a workshop held 26 March to 5 April 1984 under the joint sponsorship of the International Rice Research Institute ; Soil Management Support Services, Agency for International Development and USDA ; Bureau of Soils, Philippine Ministry of Agriculture. |
| 260 0# - PUBLICATION, DISTRIBUTION, ETC. (IMPRINT) |
| Place of publication |
Manila, Philippines : |
| Name of publisher |
The Institute, |
| Year of publication |
1985. |
| 300 ## - PHYSICAL DESCRIPTION |
| Number of Pages |
559 p. : |
| Other physical details |
ill. ; |
| Dimensions |
23 cm. |
| 500 ## - GENERAL NOTE |
| General note |
"The Workshop on Characterization, Classification and Utilization of Wetland Soils, held at the International Rice Research Institute (IRRI) 26 March-5 April 1984 ..."--Foreword. |
| 650 #0 - SUBJECT ADDED ENTRY--TOPICAL TERM |
| Topical Term |
Wetlands |
| 650 #0 - SUBJECT ADDED ENTRY--TOPICAL TERM |
| Topical Term |
Soils |
| 650 #0 - SUBJECT ADDED ENTRY--TOPICAL TERM |
| Topical Term |
Soils |
| 650 #0 - SUBJECT ADDED ENTRY--TOPICAL TERM |
| Topical Term |
Soil structure |
| 710 2# - ADDED ENTRY--CORPORATE NAME |
| Corporate name or jurisdiction name as entry element |
International Rice Research Institute. |
| 710 1# - ADDED ENTRY--CORPORATE NAME |
| Corporate name or jurisdiction name as entry element |
United States. |
| 710 1# - ADDED ENTRY--CORPORATE NAME |
| Corporate name or jurisdiction name as entry element |
Philippines. |
| 942 ## - ADDED ENTRY ELEMENTS (KOHA) |
| Koha item type |
សៀវភៅភាសាអង់គ្លេស |
| 952 ## - LOCATION AND ITEM INFORMATION (KOHA) |
| Withdrawn status [LOCAL, KOHA] |
0 |